|
|
|
|
| LEADER |
00000nam0a2200000 4500 |
| 001 |
146248 |
| 005 |
20231101221217.0 |
| 010 |
|
|
|a 9785469001317
|
| 035 |
|
|
|a (RuTPU)RU\TPU\book\158522
|
| 090 |
|
|
|a 146248
|
| 100 |
|
|
|a 20081028d2008 m y0rusy50 ca
|
| 101 |
0 |
|
|a rus
|
| 102 |
|
|
|a RU
|
| 105 |
|
|
|a a z 000zy
|
| 200 |
1 |
|
|a Психология семьи
|f В. Н. Дружинин
|
| 205 |
|
|
|a 3-е изд.
|
| 210 |
|
|
|a СПб.
|c Питер
|d 2008
|
| 215 |
|
|
|a 176 с.
|c ил.
|
| 330 |
|
|
|a Книга посвящена психологии семьи: структуре отношений между ее членами; стилям воспитания; влиянию, которое они оказывают на развитие личности ребенка. Особое внимание уделено анализу структуры семьи и развитию семейных отношений в христианской цивилизации. Интересен анализ полотен европейских и русских художников, посвященных семье. Последняя глава содержит результаты исследований воздействия стиля воспитания, эмоциональной поддержки и контроля над проявлением интеллекта у детей. Книга предназначена для широкого круга читателей, интересующихся психологией семьи. Материалы книги могут быть использованы студентами и аспирантами гуманитарных вузов, специализирующихся в области помогающих профессий (психология, педагогика, социальная работа и т. п.)
|
| 606 |
1 |
|
|a Семья и брак
|x Психология
|2 stltpush
|3 (RuTPU)RU\TPU\subj\54580
|9 72716
|
| 610 |
1 |
|
|a социальная психология
|
| 610 |
1 |
|
|a власть
|
| 610 |
1 |
|
|a любовь
|
| 610 |
1 |
|
|a типы
|
| 610 |
1 |
|
|a язычество
|
| 610 |
1 |
|
|a христианская модель
|
| 610 |
1 |
|
|a православие
|
| 610 |
1 |
|
|a католицизм
|
| 610 |
1 |
|
|a протестантство
|
| 610 |
1 |
|
|a семейные отношения
|
| 610 |
1 |
|
|a общество
|
| 610 |
1 |
|
|a дети
|
| 610 |
1 |
|
|a воспитание
|
| 610 |
1 |
|
|a интеллект
|
| 686 |
|
|
|a Ю956
|v LBC/SL-A
|2 rubbk
|
| 700 |
|
1 |
|a Дружинин
|b В. Н.
|g Владимир Николаевич
|
| 801 |
|
1 |
|a RU
|b 63413507
|c 20081028
|g PSBO
|
| 801 |
|
2 |
|a RU
|b 63413507
|c 20150618
|g PSBO
|
| 900 |
|
|
|a Психология
|
| 900 |
|
|
|a Семьеведение
|
| 942 |
|
|
|c BK
|
| 959 |
|
|
|a 94/20081023
|d 2
|e 109,00
|f АНЛ:1
|f ЧЗГЛ:1
|